Score 0/22 Timer 04:00
0 Plays Today
% Correct
Judges 6
60.7%
Judges 13
60.7%
Judges 4
59.5%
Judges 5
59.5%
Judges 8
59.5%
Judges 15
57.1%
Judges 10
56%
Judges 7
56%
Judges 14
56%
Judges 12
52.4%
Judges 16
51.2%
% Correct
1 Samuel 7
48.8%
Judges 11
47.6%
Judges 3
46.4%
Judges 3
45.2%
Judges 3
38.1%
Judges 9
32.1%
Judges 10
29.8%
Judges 12
29.8%
Judges 12
28.6%
Judges 10
25%
Judges 12
23.8%

You're not logged in!

Compare scores with friends on all Sporcle quizzes.
OR
Log In

Sporcle TV

Today on Sporcle TV


Watch our educational content, quiz creation guides, and fun videos on Sporcle TV.

Show Comments

Extras

Created Sep 17, 2013ReportNominate
Tags:Clickable Quiz, Chapter, judge

Top Quizzes Today


Score Distribution

Paid Content

Your Account Isn't Verified!

In order to create a playlist on Sporcle, you need to verify the email address you used during registration. Go to your Sporcle Settings to finish the process.

Report this User

Report this user for behavior that violates our Community Guidelines.

Details: